| 000 | 00430nam a2200157 i 4500 | ||
|---|---|---|---|
| 001 | 76864 | ||
| 003 | ES-MaACL | ||
| 005 | 20230906173006.0 | ||
| 007 | t| | ||
| 008 | 041005s1954 mx ||||1| spa d | ||
| 100 | 1 |
_aGuillermo, José. _960803 |
|
| 245 | 1 | 0 |
_aVersos al revés de un hombre derecho / _cJosé Guillermo. |
| 260 |
_aMéxico : _b[s.n.], _c1954. |
||
| 300 |
_a39 p. ; _c23 cm. |
||
| 852 |
_aES-MaACL _j1971-F-21 _bR.36625 |
||
| 999 |
_c76864 _d76864 |
||